Le nom des habitants par pays #11 - Statistiques

Statistiques générales
  • Ce quiz a été pris 202 fois
  • Le résultat moyen est 11 sur 16
Statistiques - réponses
Pays Gentilé % Correct
Brésil Brésilien
96%
Arménie Arménien
95%
Iran Iranien
95%
Russie Russe
95%
Thaïlande Thaïlandais
94%
Maurice Mauricien
93%
Arabie saoudite Saoudien
89%
Fidji Fidjien
84%
Botswana Botswanais
75%
Vatican Vatican
71%
Dbjiouti Djiboutien
66%
Swaziland Swazi
56%
Bangladesh Bangladais
36%
Sierra Leone Sierraléonais
33%
Grenade Grenadin
30%
Sao-tome-et-principe Santoméen
9%
Aucun quiz correspondant
Distribution des résultats
% des personnes avec chaque résultat
Percentile par nombre de réponses
Votre historique - résultats
Vous n’avez pas pris ce quiz